| 000 | 00513nam a22001697a 4500 | ||
|---|---|---|---|
| 003 | SISC | ||
| 005 | 20170615152108.0 | ||
| 008 | 170615b xxu||||| |||| 00| 0 eng d | ||
| 020 | _a9789719905905 | ||
| 050 |
_aPL 5532 _b.P438 2015 |
||
| 100 | _aPerez, Rodolfo C. | ||
| 245 |
_aGEMS : _bReadings in Philippine literature / _cMr. Rodolfo C. Perez. |
||
| 260 |
_aManila : _bMindshapers Co., Inc., _c2015. |
||
| 300 |
_axii, 226 pages ; _c24 cm. |
||
| 500 | _aIncludes bibliographical references. | ||
| 942 |
_2lcc _cBK |
||
| 999 |
_c335236 _d335236 |
||